00570pab a2200169 454500008004000000100001900040245013000059260000900189300001300198362000800211650002800219650003600247650002800283700002300311700001900334773004700353180718b2007 xxu||||| |||| 00| 0 eng d aMosca, Michele aRelational goods, monitoring and non-pecuniary compensations in the nonprofit sector: the case of the Italian social services c2007 ap.57-86. aMar aSocial services - Italy aNonprofit organizations - Italy aNonprofit organizations aPastore, Francesco aMusella, Marco aAnnals of Public and Cooperative Economics